| 000 | 01331nam a22003497a 4500 | ||
|---|---|---|---|
| 001 | 106 | ||
| 003 | FISKH | ||
| 005 | 20250728112853.0 | ||
| 008 | 230227b cb ||||| |||| 00| 0 eng d | ||
| 020 | _a0590980661 | ||
| 040 |
_aDLC _cDLC _dDLC _dFISKH _beng |
||
| 042 | _alcac | ||
| 050 | 0 | 0 |
_aPZ7.S8177 _bSy 2005 |
| 082 | 0 | 0 |
_a232 _222 |
| 100 | 1 |
_aSteig, William, _d1907-2003. |
|
| 245 | 1 | 0 |
_aSylvester and the magic pebble / _cby William Steig. |
| 260 |
_aNew York : _bScholastic _c1969 |
||
| 300 |
_a15 leaves of plates _bcol. ill. ; _c29 cm. |
||
| 505 | _aM | ||
| 520 | _aIn a moment of fright, Sylvester the donkey asks his magic pebble to turn him into a rock but then can not hold the pebble to wish himself back to normal again. | ||
| 521 | 1 |
_a790
_bLexile |
|
| 521 | 1 |
_aM _bRaz-Plus |
|
| 586 | _aCaldecott Medal, 1970. | ||
| 650 | 1 |
_aDonkeys _vFiction. |
|
| 650 | 1 |
_aMagic _vFiction. |
|
| 650 | 1 |
_aMissing children _vFiction. |
|
| 856 | 4 | 2 |
_3Publisher description _uhttp://www.loc.gov/catdir/enhancements/fy0631/2004015445-d.html |
| 856 | 4 | 2 |
_3Contributor biographical information _uhttp://www.loc.gov/catdir/enhancements/fy1107/2004015445-b.html |
| 906 |
_a7 _bcbc _corignew _d1 _eecip _f20 _gy-gencatlg |
||
| 942 |
_2ddc _cBK _n0 |
||
| 999 |
_c106 _d106 |
||